[Event "U14 Polish Youth Championship"]
[Site "chess24.com"]
[Date "2018.05.05"]
[Round "9"]
[White "Kujawa, Krzysztof"]
[Black "Wojtasik, Szymon"]
[Result "0-1"]
[Board "26"]
[WhiteElo "1595"]
[WhiteCountry "POL"]
[WhiteFideId "1194500"]
[WhiteEloChange "-16"]
[BlackElo "1329"]
[BlackCountry "POL"]
[BlackFideId "21813990"]
[BlackEloChange "16"]

1. e4 {[%clk 1:30:58]} c5 {[%clk 1:30:58]} 2. Nf3 {[%clk 1:31:23]} Nc6 {[%clk
1:31:25]} 3. d4 {[%clk 1:31:47]} cxd4 {[%clk 1:31:48]} 4. Nxd4 {[%clk 1:32:14]}
g6 {[%clk 1:32:14]} 5. Nc3 {[%clk 1:32:30]} Bg7 {[%clk 1:32:42]} 6. Be3 {[%clk
1:32:53]} Nf6 {[%clk 1:33:07]} 7. Bc4 {[%clk 1:33:13]} O-O {[%clk 1:33:32]} 8.
O-O {[%clk 1:33:35]} Nxe4 {[%clk 1:33:50]} 9. Nxe4 {[%clk 1:33:56]} d5 {[%clk
1:34:16]} 10. Nxc6 {[%clk 1:33:59]} bxc6 {[%clk 1:34:39]} 11. Bd3 {[%clk
1:34:21]} dxe4 {[%clk 1:34:56]} 12. Bxe4 {[%clk 1:34:31]} Qc7 {[%clk 1:28:04]}
13. c3 {[%clk 1:31:58]} Rb8 {[%clk 1:21:48]} 14. Qe2 {[%clk 1:30:25]} Be6 {[%clk
1:20:02]} 15. Rfd1 {[%clk 1:15:51]} a5 {[%clk 1:10:43]} 16. Rd2 {[%clk 1:09:25]}
Rfd8 {[%clk 1:05:29]} 17. Rc2 {[%clk 1:00:50]} Bd5 {[%clk 0:55:59]} 18. Bxd5
{[%clk 0:59:07]} Rxd5 {[%clk 0:52:07]} 19. Rd1 {[%clk 0:57:32]} Rbd8 {[%clk
0:51:43]} 20. Rcd2 {[%clk 0:56:45]} Qb7 {[%clk 0:46:18]} 21. Bc5 {[%clk 0:38:43]}
Qxb2 {[%clk 0:37:47]} 22. Bd4 {[%clk 0:23:49]} Qa3 {[%clk 0:36:12]} 23. g3 {[%clk
0:20:11]} Bxd4 {[%clk 0:34:15]} 24. Rxd4 {[%clk 0:20:00]} Qxc3 {[%clk 0:32:20]}
25. Rxd5 {[%clk 0:18:39]} Rxd5 {[%clk 0:24:56]} 26. Rxd5 {[%clk 0:13:42]} cxd5
{[%clk 0:25:24]} 27. Qxe7 {[%clk 0:14:05]} Kg7 {[%clk 0:23:44]} 28. Qd6 {[%clk
0:11:17]} Qd4 {[%clk 0:22:33]} 29. h3 {[%clk 0:09:43]} Qe4 {[%clk 0:21:41]} 30.
g4 {[%clk 0:09:23]} h6 {[%clk 0:17:30]} 31. f4 {[%clk 0:07:03]} Qb1+ {[%clk
0:15:15]} 32. Kf2 {[%clk 0:05:40]} Qxa2+ {[%clk 0:14:11]} 33. Kg3 {[%clk
0:05:42]} Qb3+ {[%clk 0:13:17]} 34. Kf2 {[%clk 0:04:36]} Qb2+ {[%clk 0:11:02]}
35. Kg3 {[%clk 0:04:48]} Qc3+ {[%clk 0:11:09]} 36. Kf2 {[%clk 0:02:51]} Qc2+
{[%clk 0:10:27]} 37. Kf3 {[%clk 0:02:57]} Qe4+ {[%clk 0:09:04]} 38. Kf2 {[%clk
0:02:02]} g5 {[%clk 0:03:38]} 39. fxg5 {[%clk 0:01:59]} hxg5 {[%clk 0:03:57]} 40.
Qd8 {[%clk 0:02:21]} Qd4+ {[%clk 0:03:58]} 41. Ke2 {[%clk 0:02:08]} Qe5+ {[%clk
0:04:04]} 42. Kd3 {[%clk 0:02:03]} a4 {[%clk 0:03:36]} 43. Qa8 {[%clk 0:01:47]}
a3 {[%clk 0:03:28]} 44. Qa4 {[%clk 0:01:15]} Qe4+ {[%clk 0:03:46]} 0-1